Política, politiquería, demagogia.

Tallennettuna:
Bibliografiset tiedot
Päätekijä: Pinochet Ugarte, Augusto (1915-2006)
Aineistotyyppi: Kirja
Kieli:espanja
Julkaistu: Santiago, Chile Renacimiento 1983
Aiheet:
Tagit: Lisää tagi
Ei tageja, Lisää ensimmäinen tagi!

MARC

LEADER 00000cam a2200000 a 4500
001 UCS0369
003 CL-VaPUC
005 20241213123107.0
008 970426e19830000CL |||||||||||||||||spa|d
999 |c 258601  |d 258599 
040 |c Pontificia Universidad Católica de Valparaíso 
082 0 4 |a 321 PIN 1983  |2 21 
100 |a Pinochet Ugarte, Augusto,  |e 1915-2006  |9 374419 
245 1 0 |a Política, politiquería, demagogia. 
260 0 3 |a Santiago, Chile  |b Renacimiento  |c 1983 
300 |a 119 páginas. 
583 |a last modification  |c 20141120 12:22:32  |k Rodrigo Vera 
650 0 |a Ciencias Políticas  |9 255201 
650 0 |a Función pública  |9 343165 
651 7 |a CHILE  |2 CL-VaPUC  |9 383738 
942 |c BK  |2 ddc 
945 |d 19970426 00:00:00  |a aalvarez 
952 |0 0  |1 0  |2 ddc  |4 0  |6 321_000000000000000_PIN_1983  |7 0  |8 A  |9 282817  |a BIBTEO  |b BIBTEO  |d 2019-11-19  |i 3290077  |o 321 PIN 1983  |p 3290077  |r 2025-01-17  |t 4  |w 2019-11-19  |y BK  |k ICR 
952 |0 0  |1 0  |2 ddc  |4 0  |6 321_000000000000000_PIN_1983  |7 0  |8 A  |9 282818  |a BIBHIS  |b BIBHIS  |d 2019-11-19  |i 1339540  |o 321 PIN 1983  |p 1339540  |r 2025-01-20  |t 1  |w 2019-11-19  |y BK  |k HIS 
952 |0 0  |1 0  |2 ddc  |4 0  |6 321_000000000000000_PIN_1983  |7 0  |8 X  |9 282819  |a FDOBUD  |b FDOBUD  |d 2019-11-19  |i 4442709  |o 321 PIN 1983  |p 4442709  |r 2019-11-19  |t 2  |w 2019-11-19  |y BK_X  |k BUD 
952 |0 0  |1 0  |2 ddc  |3 erb  |4 0  |6 321_000000000000000_PIN_1983  |7 0  |8 X  |9 282820  |a FDOBUD  |b FDOBUD  |i 5107938  |o 321 PIN 1983  |p 5107938  |r 2019-11-19  |t 3  |w 2019-11-19  |y BK_X  |z Catalogado en:20141120  |k BUD